Die 65 häufigsten ♂ ♀ Vornamen im Saarland - Statistiken

Allgemein
  • Dieses Quiz wurde 83 mal gespielt
  • Das Durchschnittsergebnis liegt bei 31 aus 67
Antwortstatistiken
♂ /♀ Vorname % Korrekt
Mädchen - - > ⤵️
100%
Jungen - - > ⤵️
100%
L3 Leo
75%
L3 Lia
75%
E4 Emil
71%
L4 Leon
68%
E4 Emma
66%
L3 Lea
66%
M3 Mia
63%
P4 Paul
63%
B3 Ben
61%
E4 Elli
61%
L4 Lina
61%
I3 Ida
57%
J4 Jona
57%
J5 Jonas
57%
M5 Marie
57%
N4 Noah
57%
E4 Ella
54%
F4 Finn
54%
H6 Hannah
54%
M10 Maximilian
54%
L4 Luca
52%
M4 Mila
50%
S6 Sophia
50%
S6 Sophie
50%
E5 Elias
48%
J4 Jana
48%
L6 Leonie
48%
L3 Lio
48%
L5 Luisa
48%
C5 Clara
46%
C9 Charlotte
45%
E6 Emilia
43%
E5 Emily
43%
N4 Nele
43%
A6 Amelie
41%
A5 Anton
41%
L5 Louis
41%
T4 Theo
41%
N4 Nils
39%
F5 Felix
38%
H5 Henry
38%
J5 Jakob
38%
L5 Lilly
38%
L4 Luna
38%
M6 Matteo
38%
A5 Aaron
36%
L4 Liam
36%
F6 Frieda
34%
L4 Leni
34%
A4 Adam
32%
M4 Mira
32%
M8 Mohammed
32%
M4 Maja
30%
M6 Marlon
30%
M8 Mathilda
30%
L4 Levi
29%
M5 Malia
29%
S6 Samuel
29%
E6 Emilio
25%
J6 Jannis
25%
J4 Jule
25%
M5 Milan
25%
O4 Omar
23%
M5 Malea
21%
L6 Louisa
14%
Keine übereinstimmenden Quizze gefunden
Verteilung der Resultate
Anzahl Personen mit jedem Resultat
Perzentil nach korrekt beantworteten Fragen
Ihre Resultats-Entwicklung
Sie haben dieses Quiz noch nicht gespielt